Précis de droit financier / (Record no. 113226)

MARC details
000 -LEADER
campo de control de longitud fija 00797nam a2200217 4500
001 - NÚMERO DE CONTROL
campo de control 113226
003 - IDENTIFICADOR DE NÚMERO DE CONTROL
campo de control ES-MaACL
005 - FECHA Y HORA DE LA ÚLTIMA TRANSACCIÓN
campo de control 20250809022419.0
007 - CAMPO FIJO DE DESCRIPCIÓN FÍSICA--INFORMACIÓN GENERAL
campo de control de longitud fija t|
008 - DATOS DE LONGITUD FIJA--INFORMACIÓN GENERAL
campo de control de longitud fija 061121s1910 fr r ||||1| fre d
100 1# - ENTRADA PRINCIPAL--NOMBRE DE PERSONA
Nombre de persona Myrbach-Rheinfeld, Franz von.
9 (RLIN) 81576
245 10 - MENCIÓN DEL TÍTULO
Título Précis de droit financier /
Mención de responsabilidad, etc. par Franz Myrbach-Rheinfeld ; introduction française par E. Bouché Leclercq.
260 ## - PUBLICACIÓN, DISTRIBUCIÓN, ETC.
Lugar de publicación, distribución, etc. Paris :
Nombre del editor, distribuidor, etc. Giard,
Fecha de publicación, distribución, etc. 1910.
300 ## - DESCRIPCIÓN FÍSICA
Extensión XVI, 398 p. ;
Dimensiones 23 cm.
490 1# - MENCIÓN DE SERIE
Mención de serie Bibliothèque internationale de science et de législation financière
650 #7 - PUNTO DE ACCESO ADICIONAL DE MATERIA--TÉRMINO DE MATERIA
Término de materia o nombre geográfico como elemento de entrada Derecho financiero
Fuente del encabezamiento o término embne
9 (RLIN) 147741
700 1# - ENTRADA AGREGADA--NOMBRE PERSONAL
Nombre de persona Bouché-Leclercq, E.
9 (RLIN) 147740
830 0# - PUNTO DE ACCESO ADICIONAL DE SERIE-TÍTULO UNIFORME
Título uniforme Bibliothèque internationale de science et de législation financière
9 (RLIN) 233174
852 ## - LOCALIZACIÓN
Ubicación ES-MaACL
Número de control de estantería F-9216
Holdings
Estatus retirado Estado de pérdida Estado de daño No para préstamo Biblioteca de origen Biblioteca actual Ubicación en estantería Fecha de adquisición Fuente de adquisición Total de préstamos Signatura topográfica completa Código de barras Visto por última vez Precio de reemplazo Tipo de ítem Koha
        Biblioteca del Ateneo de Madrid Biblioteca del Ateneo de Madrid Sala Pecera Planta 2 17/01/2008     F-9216 1118098 23/02/2023 23/02/2023 Libro impreso